[Event "Deutsche Ländermeisterschaft 2021"]
[Site "Neumünster GER"]
[Date "2021.10.06"]
[Round "7"]
[White "Dauner, Benedikt"]
[Black "Richter, Philipp"]
[Result "1-0"]
[Termination "normal"]
[Board "3.2"]
[WhiteElo "2133"]
[BlackElo "2227"]
[WhiteClock "00:28:51"]
[BlackClock "00:33:42"]
[WhiteTeam "Baden"]
[BlackTeam "Sachsen"]
[PlyCount "97"]
[WhiteFideId "16225899"]
[BlackFideId "16219929"]
[EventCountry "GER"]
[EventRounds "7"]
[EventType "team-swiss"]
[EventDate "2021.10.01"]

1. d4 {[%clk 1:30:53]} Nf6 {[%clk 1:30:56]} 2. Nf3 {[%clk 1:31:17]} e6 {[%clk
1:31:23]} 3. Bf4 {[%clk 1:31:36]} d5 {[%clk 1:31:46]} 4. e3 {[%clk 1:31:47]}
Bd6 {[%clk 1:31:44]} 5. Nbd2 {[%clk 1:32:11]} Bxf4 {[%clk 1:31:05]} 6. exf4
{[%clk 1:32:36]} c5 {[%clk 1:31:19]} 7. dxc5 {[%clk 1:31:31]} Qa5 {[%clk
1:30:09]} 8. Bd3 {[%clk 1:31:35]} Qxc5 {[%clk 1:29:09]} 9. c3 {[%clk 1:29:35]}
Bd7 {[%clk 1:27:05]} 10. O-O {[%clk 1:29:03]} Bb5 {[%clk 1:26:32]} 11. Nb3
{[%clk 1:27:42]} Qb6 {[%clk 1:25:04]} 12. Bxb5+ {[%clk 1:27:20]} Qxb5 {[%clk
1:25:23]} 13. Nbd4 {[%clk 1:27:28]} Qb6 {[%clk 1:23:29]} 14. f5 {[%clk
1:21:12]} O-O {[%clk 1:22:39]} 15. Qb3 {[%clk 1:21:12]} Qa6 {[%clk 1:16:13]}
16. Rfe1 {[%clk 1:20:30]} Ne4 {[%clk 1:13:50]} 17. fxe6 {[%clk 1:16:09]} fxe6
{[%clk 1:13:54]} 18. Rxe4 {[%clk 1:15:43]} dxe4 {[%clk 1:10:29]} 19. Nxe6
{[%clk 1:16:04]} Qb6 {[%clk 1:08:41]} 20. Nxf8+ {[%clk 1:15:36]} Qxb3 {[%clk
1:08:18]} 21. axb3 {[%clk 1:16:00]} exf3 {[%clk 1:08:01]} 22. Ne6 {[%clk
1:16:23]} Nc6 {[%clk 1:07:23]} 23. gxf3 {[%clk 1:16:07]} Re8 {[%clk 1:02:57]}
24. Nc5 {[%clk 1:16:03]} b6 {[%clk 1:01:24]} 25. Ne4 {[%clk 1:14:59]} a5 {[%clk
0:59:21]} 26. Rd1 {[%clk 1:10:57]} Ne5 {[%clk 0:55:22]} 27. Kg2 {[%clk
1:10:59]} Rf8 {[%clk 0:55:00]} 28. Ng5 {[%clk 1:07:40]} h6 {[%clk 0:54:38]} 29.
Ne6 {[%clk 1:07:58]} Rf6 {[%clk 0:53:30]} 30. Nd4 {[%clk 0:57:59]} Kf7 {[%clk
0:52:28]} 31. Kf1 {[%clk 0:53:40]} Nxf3 {[%clk 0:48:59]} 32. Nxf3 {[%clk
0:54:01]} Rxf3 {[%clk 0:49:15]} 33. Rd7+ {[%clk 0:47:02]} Kg6 {[%clk 0:47:47]}
34. Rd6+ {[%clk 0:46:31]} Rf6 {[%clk 0:47:42]} 35. Rxf6+ {[%clk 0:44:24]} Kxf6
{[%clk 0:36:29]} 36. Ke2 {[%clk 0:43:52]} Ke5 {[%clk 0:36:03]} 37. Kd3 {[%clk
0:41:51]} Kd5 {[%clk 0:36:18]} 38. f4 {[%clk 0:33:58]} g5 {[%clk 0:34:12]} 39.
c4+ {[%clk 0:27:52]} Ke6 {[%clk 0:30:44]} 40. fxg5 {[%clk 0:26:57]} hxg5 {[%clk
0:31:02]} 41. Ke4 {[%clk 0:27:16]} Kf6 {[%clk 0:31:08]} 42. Kd5 {[%clk
0:26:33]} Kf5 {[%clk 0:31:26]} 43. Kc6 {[%clk 0:26:33]} Kg4 {[%clk 0:31:45]}
44. Kxb6 {[%clk 0:27:00]} Kh3 {[%clk 0:32:08]} 45. c5 {[%clk 0:27:23]} Kxh2
{[%clk 0:32:33]} 46. c6 {[%clk 0:27:51]} g4 {[%clk 0:32:58]} 47. c7 {[%clk
0:28:18]} g3 {[%clk 0:33:21]} 48. c8=Q {[%clk 0:28:44]} g2 {[%clk 0:33:42]} 49.
Qg8 {[%clk 0:28:51]} 1-0

[Event "Deutsche Ländermeisterschaft 2021"]
[Site "Neumünster GER"]
[Date "2021.10.06"]
[Round "7"]
[White "Lutz, Ruben"]
[Black "Hecht, Jonas Christian"]
[Result "1/2-1/2"]
[Termination "normal"]
[Board "3.3"]
[WhiteElo "2114"]
[BlackElo "1968"]
[WhiteClock "00:28:29"]
[BlackClock "00:02:35"]
[WhiteTeam "Sachsen"]
[BlackTeam "Baden"]
[PlyCount "83"]
[WhiteFideId "12975974"]
[BlackFideId "16214846"]
[EventCountry "GER"]
[EventRounds "7"]
[EventType "team-swiss"]
[EventDate "2021.10.01"]

1. d4 {[%clk 1:30:58]} d5 {[%clk 1:30:55]} 2. c4 {[%clk 1:31:20]} e6 {[%clk
1:31:21]} 3. Nf3 {[%clk 1:31:41]} Nf6 {[%clk 1:31:31]} 4. Nc3 {[%clk 1:31:58]}
Nbd7 {[%clk 1:31:08]} 5. Bf4 {[%clk 1:31:50]} c6 {[%clk 1:30:52]} 6. e3 {[%clk
1:32:01]} Be7 {[%clk 1:29:22]} 7. c5 {[%clk 1:32:07]} Ne4 {[%clk 1:22:42]} 8.
Bd3 {[%clk 1:18:28]} f5 {[%clk 1:19:32]} 9. O-O {[%clk 1:17:32]} O-O {[%clk
1:19:04]} 10. h3 {[%clk 1:12:04]} Bf6 {[%clk 1:14:34]} 11. Ne2 {[%clk 1:09:03]}
Re8 {[%clk 1:06:58]} 12. b4 {[%clk 1:04:37]} e5 {[%clk 0:52:46]} 13. Bh2 {[%clk
1:02:36]} exd4 {[%clk 0:40:52]} 14. exd4 {[%clk 0:59:13]} Nf8 {[%clk 0:38:53]}
15. b5 {[%clk 0:53:29]} Qa5 {[%clk 0:30:52]} 16. bxc6 {[%clk 0:49:27]} bxc6
{[%clk 0:30:43]} 17. Be5 {[%clk 0:40:38]} Nxc5 {[%clk 0:25:32]} 18. Nf4 {[%clk
0:24:11]} Nxd3 {[%clk 0:20:18]} 19. Nxd3 {[%clk 0:24:34]} Bxe5 {[%clk 0:16:56]}
20. Nfxe5 {[%clk 0:24:51]} Qb6 {[%clk 0:13:49]} 21. Qa4 {[%clk 0:19:17]} Ba6
{[%clk 0:12:06]} 22. Rfc1 {[%clk 0:17:19]} Bb5 {[%clk 0:10:59]} 23. Qb4 {[%clk
0:16:53]} Ne6 {[%clk 0:10:16]} 24. Nc5 {[%clk 0:13:48]} a5 {[%clk 0:10:04]} 25.
Qd2 {[%clk 0:12:32]} Nxc5 {[%clk 0:09:00]} 26. dxc5 {[%clk 0:12:57]} Qc7 {[%clk
0:09:08]} 27. f4 {[%clk 0:12:59]} a4 {[%clk 0:08:49]} 28. a3 {[%clk 0:11:27]}
Re7 {[%clk 0:08:14]} 29. Qd4 {[%clk 0:08:35]} Rae8 {[%clk 0:07:41]} 30. Re1
{[%clk 0:06:00]} Re6 {[%clk 0:06:17]} 31. Re3 {[%clk 0:05:59]} Qe7 {[%clk
0:05:08]} 32. Rae1 {[%clk 0:05:38]} Qf6 {[%clk 0:04:48]} 33. Kh2 {[%clk
0:05:26]} R6e7 {[%clk 0:04:35]} 34. Rg3 {[%clk 0:05:28]} g6 {[%clk 0:04:02]}
35. Ree3 {[%clk 0:05:05]} Re6 {[%clk 0:03:39]} 36. Kh1 {[%clk 0:04:23]} Qg7
{[%clk 0:03:52]} 37. Rc3 {[%clk 0:03:36]} R8e7 {[%clk 0:03:53]} 38. Rc1 {[%clk
0:03:39]} Qh6 {[%clk 0:04:04]} 39. Re1 {[%clk 0:03:21]} Qg7 {[%clk 0:03:44]}
40. Kh2 {[%clk 0:03:03]} Qh6 {[%clk 0:02:35]} 41. Ree3 {[%clk 0:28:29]} Qh4 42.
Nd7 1/2-1/2

[Event "Deutsche Ländermeisterschaft 2021"]
[Site "Neumünster GER"]
[Date "2021.10.06"]
[Round "7"]
[White "Doll, Rebecca"]
[Black "Ehrig, Leon Chris"]
[Result "0-1"]
[Termination "normal"]
[Board "3.4"]
[WhiteElo "1970"]
[BlackElo "1796"]
[WhiteClock "00:08:13"]
[BlackClock "00:06:55"]
[WhiteTeam "Baden"]
[BlackTeam "Sachsen"]
[PlyCount "96"]
[WhiteFideId "16236890"]
[BlackFideId "16244796"]
[EventCountry "GER"]
[EventRounds "7"]
[EventType "team-swiss"]
[EventDate "2021.10.01"]

1. e4 {[%clk 1:30:54]} c5 {[%clk 1:30:46]} 2. Nf3 {[%clk 1:31:17]} e6 {[%clk
1:31:12]} 3. d4 {[%clk 1:31:42]} cxd4 {[%clk 1:31:29]} 4. Nxd4 {[%clk 1:32:07]}
Nf6 {[%clk 1:31:25]} 5. Nc3 {[%clk 1:32:26]} Nc6 {[%clk 1:31:49]} 6. Ndb5
{[%clk 1:32:48]} d6 {[%clk 1:31:49]} 7. Bf4 {[%clk 1:33:11]} e5 {[%clk
1:32:05]} 8. Bg5 {[%clk 1:33:34]} a6 {[%clk 1:32:08]} 9. Na3 {[%clk 1:33:50]}
b5 {[%clk 1:31:49]} 10. Nd5 {[%clk 1:34:08]} Be7 {[%clk 1:31:13]} 11. Bxf6
{[%clk 1:34:18]} Bxf6 {[%clk 1:31:10]} 12. c4 {[%clk 1:34:10]} b4 {[%clk
1:31:15]} 13. Nc2 {[%clk 1:34:00]} O-O {[%clk 1:30:16]} 14. g3 {[%clk 1:30:23]}
Bg5 {[%clk 1:27:52]} 15. Bg2 {[%clk 1:29:31]} Rb8 {[%clk 1:27:11]} 16. b3
{[%clk 1:29:19]} Be6 {[%clk 1:22:41]} 17. O-O {[%clk 1:26:58]} f5 18. exf5
{[%clk 1:26:29]} Bxf5 {[%clk 1:12:38]} 19. Nde3 {[%clk 1:10:50]} Bxc2 {[%clk
1:05:52]} 20. Qd5+ {[%clk 1:08:37]} Kh8 {[%clk 1:01:34]} 21. Qxc6 {[%clk
1:07:37]} Bd3 {[%clk 0:49:28]} 22. Rfd1 {[%clk 1:06:15]} Qf6 {[%clk 0:49:14]}
23. Rd2 {[%clk 0:44:20]} e4 {[%clk 0:45:59]} 24. Rad1 {[%clk 0:44:09]} Qd4
{[%clk 0:38:18]} 25. Nc2 {[%clk 0:36:41]} Qc3 {[%clk 0:36:50]} 26. Ne3 {[%clk
0:36:50]} Rxf2 {[%clk 0:23:03]} 27. Qxd6 {[%clk 0:29:04]} Rff8 {[%clk 0:21:51]}
28. Qc5 {[%clk 0:18:22]} Bf6 {[%clk 0:13:40]} 29. Kh1 {[%clk 0:13:33]} Bd4
{[%clk 0:12:43]} 30. Qxf8+ {[%clk 0:13:40]} Rxf8 {[%clk 0:12:28]} 31. Nd5
{[%clk 0:14:05]} Be5 {[%clk 0:09:25]} 32. Nxc3 {[%clk 0:14:14]} bxc3 {[%clk
0:09:50]} 33. h3 {[%clk 0:08:13]} cxd2 {[%clk 0:09:08]} 34. Rxd2 {[%clk
0:08:35]} Bxg3 {[%clk 0:08:14]} 35. Bxe4 {[%clk 0:07:25]} Bxe4+ {[%clk
0:08:26]} 36. Kg1 {[%clk 0:07:49]} h5 {[%clk 0:07:31]} 37. b4 {[%clk 0:07:34]}
Bf4 {[%clk 0:07:21]} 38. Rd1 {[%clk 0:05:51]} Be3+ {[%clk 0:07:11]} 39. Kh2
{[%clk 0:06:09]} h4 {[%clk 0:07:26]} 40. Re1 {[%clk 0:06:11]} Rf2+ {[%clk
0:06:38]} 41. Kg1 {[%clk 0:06:35]} Rg2+ {[%clk 0:06:29]} 42. Kf1 {[%clk
0:06:44]} Rg1+ {[%clk 0:06:02]} 43. Ke2 {[%clk 0:07:06]} Rxe1+ {[%clk 0:05:59]}
44. Kxe1 {[%clk 0:07:30]} Kg8 {[%clk 0:05:54]} 45. a4 {[%clk 0:07:44]} Bd3
{[%clk 0:05:48]} 46. c5 {[%clk 0:08:07]} Kf7 {[%clk 0:06:08]} 47. c6 {[%clk
0:08:11]} Ke7 {[%clk 0:06:30]} 48. c7 {[%clk 0:08:13]} Kd7 {[%clk 0:06:55]} 0-1

[Event "Deutsche Ländermeisterschaft 2021"]
[Site "Neumünster GER"]
[Date "2021.10.06"]
[Round "7"]
[White "Peglau, Dora"]
[Black "Nied, Pascal"]
[Result "1-0"]
[Termination "normal"]
[Board "3.5"]
[WhiteElo "1880"]
[BlackElo "1878"]
[WhiteClock "01:06:35"]
[BlackClock "00:31:47"]
[WhiteTeam "Sachsen"]
[BlackTeam "Baden"]
[PlyCount "45"]
[WhiteFideId "16220005"]
[BlackFideId "16260597"]
[EventCountry "GER"]
[EventRounds "7"]
[EventType "team-swiss"]
[EventDate "2021.10.01"]

1. d4 {[%clk 1:30:58]} d5 {[%clk 1:30:55]} 2. c4 {[%clk 1:31:24]} e6 {[%clk
1:31:21]} 3. Nc3 {[%clk 1:31:49]} Nf6 {[%clk 1:31:46]} 4. Bg5 {[%clk 1:32:13]}
c6 {[%clk 1:31:58]} 5. e3 {[%clk 1:32:35]} Nbd7 {[%clk 1:32:06]} 6. cxd5 {[%clk
1:32:32]} exd5 {[%clk 1:32:27]} 7. Nf3 {[%clk 1:32:52]} Bd6 {[%clk 1:30:58]} 8.
Bd3 {[%clk 1:33:04]} O-O {[%clk 1:30:52]} 9. O-O {[%clk 1:33:22]} Re8 {[%clk
1:29:36]} 10. Qc2 {[%clk 1:33:24]} h6 {[%clk 1:29:29]} 11. Bh4 {[%clk 1:33:49]}
Nf8 {[%clk 1:25:10]} 12. Rab1 {[%clk 1:32:35]} a5 {[%clk 1:23:34]} 13. a3
{[%clk 1:31:35]} Bg4 {[%clk 1:12:18]} 14. b4 {[%clk 1:30:00]} N8d7 {[%clk
1:00:46]} 15. bxa5 {[%clk 1:18:26]} Qc7 {[%clk 0:58:44]} 16. Bg3 {[%clk
1:16:57]} Bxg3 {[%clk 0:56:37]} 17. hxg3 {[%clk 1:17:25]} Rxa5 {[%clk 0:54:17]}
18. Rb3 {[%clk 1:14:42]} Rea8 {[%clk 0:50:41]} 19. Rfb1 {[%clk 1:12:42]} Rxa3
{[%clk 0:35:04]} 20. Nb5 {[%clk 1:07:30]} Rxb3 {[%clk 0:31:19]} 21. Nxc7 {[%clk
1:07:50]} Rxb1+ {[%clk 0:31:43]} 22. Qxb1 {[%clk 1:08:07]} Ra7 {[%clk 0:31:47]}
23. Ne5 {[%clk 1:06:35]} 1-0

[Event "Deutsche Ländermeisterschaft 2021"]
[Site "Neumünster GER"]
[Date "2021.10.06"]
[Round "7"]
[White "Skembris, Simon Max"]
[Black "Peglau, Charis"]
[Result "1-0"]
[Termination "normal"]
[Board "3.6"]
[WhiteElo "1268"]
[BlackElo "1820"]
[WhiteClock "00:19:53"]
[BlackClock "00:27:06"]
[WhiteTeam "Baden"]
[BlackTeam "Sachsen"]
[PlyCount "105"]
[WhiteFideId "16281381"]
[BlackFideId "16219996"]
[EventCountry "GER"]
[EventRounds "7"]
[EventType "team-swiss"]
[EventDate "2021.10.01"]

1. e4 {[%clk 1:30:58]} b6 {[%clk 1:30:40]} 2. Nf3 {[%clk 1:25:56]} Bb7 {[%clk
1:30:50]} 3. d3 {[%clk 1:24:36]} e6 {[%clk 1:30:54]} 4. Be2 {[%clk 1:20:16]}
Be7 {[%clk 1:28:52]} 5. O-O {[%clk 1:19:38]} c5 {[%clk 1:27:53]} 6. Nc3 {[%clk
1:11:49]} Nf6 {[%clk 1:26:50]} 7. Bf4 {[%clk 1:09:28]} d5 {[%clk 1:24:58]} 8.
exd5 {[%clk 1:02:56]} Nxd5 {[%clk 1:22:18]} 9. Nxd5 {[%clk 1:02:41]} exd5
{[%clk 1:21:49]} 10. d4 {[%clk 1:00:12]} O-O {[%clk 1:21:48]} 11. c3 {[%clk
0:57:45]} Nc6 {[%clk 1:21:27]} 12. Qd2 {[%clk 0:55:39]} a5 {[%clk 1:18:51]} 13.
Rad1 {[%clk 0:52:14]} c4 {[%clk 1:16:56]} 14. Ne5 {[%clk 0:48:57]} b5 {[%clk
1:11:25]} 15. Rfe1 {[%clk 0:39:12]} f6 {[%clk 1:08:49]} 16. Nxc6 {[%clk
0:39:20]} Bxc6 {[%clk 1:09:17]} 17. Bf3 {[%clk 0:37:39]} Kh8 {[%clk 1:05:11]}
18. Re2 {[%clk 0:32:08]} Re8 {[%clk 0:59:30]} 19. Rde1 {[%clk 0:31:09]} Bf8
{[%clk 0:56:54]} 20. h3 {[%clk 0:28:55]} b4 {[%clk 0:55:24]} 21. Qc2 {[%clk
0:26:21]} a4 {[%clk 0:53:08]} 22. Qf5 {[%clk 0:25:39]} Rxe2 {[%clk 0:52:43]}
23. Rxe2 {[%clk 0:25:49]} a3 {[%clk 0:51:57]} 24. bxa3 {[%clk 0:23:37]} bxc3
{[%clk 0:50:38]} 25. Qe6 {[%clk 0:22:13]} Rc8 {[%clk 0:47:22]} 26. Bg4 {[%clk
0:20:04]} Bd7 {[%clk 0:40:42]} 27. Qxd7 {[%clk 0:20:19]} Qxd7 {[%clk 0:41:06]}
28. Bxd7 {[%clk 0:20:43]} Rd8 {[%clk 0:41:22]} 29. Re8 {[%clk 0:19:40]} Rxe8
{[%clk 0:41:48]} 30. Bxe8 {[%clk 0:20:04]} Bxa3 {[%clk 0:42:10]} 31. Ba4 {[%clk
0:20:26]} Kg8 {[%clk 0:41:28]} 32. Kf1 {[%clk 0:20:34]} Kf7 {[%clk 0:41:05]}
33. Ke2 {[%clk 0:20:39]} g5 {[%clk 0:37:11]} 34. Bg3 {[%clk 0:20:27]} Ke6
{[%clk 0:36:57]} 35. Kd1 {[%clk 0:20:19]} h5 {[%clk 0:32:30]} 36. f3 {[%clk
0:20:20]} f5 {[%clk 0:31:16]} 37. Kc2 {[%clk 0:20:26]} Bb4 {[%clk 0:31:35]} 38.
Be1 {[%clk 0:20:26]} g4 {[%clk 0:30:46]} 39. Bxc3 {[%clk 0:19:46]} Ba3 {[%clk
0:31:02]} 40. Bb2 {[%clk 0:19:27]} Bb4 {[%clk 0:30:54]} 41. Bb5 {[%clk
0:19:19]} Kd6 {[%clk 0:26:55]} 42. a4 {[%clk 0:18:39]} Ba5 {[%clk 0:26:32]} 43.
Bc3 {[%clk 0:18:51]} Bb6 {[%clk 0:25:40]} 44. a5 {[%clk 0:18:49]} Ba7 {[%clk
0:25:10]} 45. Bb4+ {[%clk 0:18:37]} Kc7 {[%clk 0:25:28]} 46. Bc5 {[%clk
0:18:49]} Kb8 {[%clk 0:24:58]} 47. Bxa7+ {[%clk 0:17:59]} Kxa7 {[%clk 0:25:24]}
48. Kc3 {[%clk 0:18:19]} gxh3 {[%clk 0:25:43]} 49. gxh3 {[%clk 0:18:43]} h4
{[%clk 0:26:02]} 50. Bxc4 {[%clk 0:19:02]} dxc4 {[%clk 0:26:23]} 51. Kxc4
{[%clk 0:19:27]} Ka6 {[%clk 0:26:42]} 52. d5 {[%clk 0:19:40]} Kxa5 {[%clk
0:27:06]} 53. Kc5 {[%clk 0:19:53]} 1-0

[Event "Deutsche Ländermeisterschaft 2021"]
[Site "Neumünster GER"]
[Date "2021.10.06"]
[Round "7"]
[White "Herrmann, Arthur"]
[Black "Henninger, Claire"]
[Result "1-0"]
[Termination "normal"]
[Board "3.7"]
[WhiteElo "1385"]
[BlackElo "1476"]
[WhiteClock "00:23:28"]
[BlackClock "00:05:59"]
[WhiteTeam "Sachsen"]
[BlackTeam "Baden"]
[PlyCount "101"]
[WhiteFideId "16287150"]
[BlackFideId "16200659"]
[EventCountry "GER"]
[EventRounds "7"]
[EventType "team-swiss"]
[EventDate "2021.10.01"]

1. e4 {[%clk 1:30:56]} e5 {[%clk 1:30:54]} 2. Nf3 {[%clk 1:31:21]} Nc6 {[%clk
1:31:18]} 3. Bb5 {[%clk 1:31:46]} a6 {[%clk 1:31:03]} 4. Ba4 {[%clk 1:32:11]}
Nf6 {[%clk 1:30:34]} 5. O-O {[%clk 1:32:24]} Be7 {[%clk 1:30:35]} 6. Re1 {[%clk
1:32:31]} b5 {[%clk 1:30:41]} 7. Bb3 {[%clk 1:32:39]} O-O {[%clk 1:30:56]} 8.
c3 {[%clk 1:32:27]} d5 {[%clk 1:30:14]} 9. exd5 {[%clk 1:31:37]} Nxd5 {[%clk
1:30:06]} 10. Nxe5 {[%clk 1:29:07]} Nxe5 {[%clk 1:29:53]} 11. Rxe5 {[%clk
1:29:20]} Nf6 {[%clk 1:29:28]} 12. Re1 {[%clk 1:24:29]} Bd6 {[%clk 1:27:49]}
13. h3 {[%clk 1:16:46]} c5 {[%clk 1:26:06]} 14. d3 {[%clk 1:14:22]} Bb7 {[%clk
1:25:16]} 15. Bg5 {[%clk 1:12:46]} h6 {[%clk 1:24:39]} 16. Bxf6 {[%clk
1:07:18]} Qxf6 {[%clk 1:24:32]} 17. Qg4 {[%clk 1:06:29]} Rae8 {[%clk 1:16:23]}
18. Nd2 {[%clk 1:05:09]} Re5 {[%clk 1:11:21]} 19. Ne4 {[%clk 0:59:05]} Bxe4
{[%clk 1:10:02]} 20. Rxe4 {[%clk 0:58:57]} Rg5 {[%clk 1:05:25]} 21. Qe2 {[%clk
0:57:51]} Qf5 {[%clk 0:56:30]} 22. Kh1 {[%clk 0:54:27]} Rh5 {[%clk 0:52:12]}
23. Rg4 {[%clk 0:51:58]} Kh8 {[%clk 0:44:21]} 24. Bc2 {[%clk 0:47:32]} Qd7
{[%clk 0:39:12]} 25. Re1 {[%clk 0:43:15]} Qc6 {[%clk 0:32:53]} 26. Kg1 {[%clk
0:41:35]} Rg8 {[%clk 0:26:40]} 27. d4 {[%clk 0:37:36]} f5 {[%clk 0:24:45]} 28.
Rg3 {[%clk 0:31:52]} Rh4 {[%clk 0:18:41]} 29. Qe6 {[%clk 0:29:31]} Rf4 {[%clk
0:09:36]} 30. Rg6 {[%clk 0:26:15]} Rd8 {[%clk 0:06:24]} 31. Bxf5 {[%clk
0:24:57]} Rxf5 {[%clk 0:03:56]} 32. Qxf5 {[%clk 0:24:44]} Qc7 {[%clk 0:03:10]}
33. Rge6 {[%clk 0:23:36]} Rf8 {[%clk 0:02:56]} 34. Re8 {[%clk 0:23:17]} Kg8
{[%clk 0:02:24]} 35. Qe6+ {[%clk 0:20:26]} Kh7 {[%clk 0:02:23]} 36. Rxf8 {[%clk
0:20:29]} Bxf8 {[%clk 0:02:46]} 37. Qf5+ {[%clk 0:20:40]} Kg8 {[%clk 0:03:06]}
38. Re8 {[%clk 0:20:37]} Qd6 {[%clk 0:02:57]} 39. dxc5 {[%clk 0:20:16]} Qf6
{[%clk 0:01:42]} 40. Qxf6 {[%clk 0:20:32]} gxf6 {[%clk 0:02:06]} 41. c6 {[%clk
0:20:54]} Kf7 {[%clk 0:02:25]} 42. Rxf8+ {[%clk 0:21:13]} Kxf8 {[%clk 0:02:49]}
43. c7 {[%clk 0:21:38]} Ke7 {[%clk 0:03:18]} 44. c8=Q {[%clk 0:21:55]} Kf7
{[%clk 0:03:44]} 45. Qf5 {[%clk 0:22:05]} a5 {[%clk 0:04:04]} 46. f4 {[%clk
0:22:26]} b4 {[%clk 0:04:26]} 47. Qd7+ {[%clk 0:22:37]} Kg8 {[%clk 0:04:47]}
48. Kf2 {[%clk 0:22:54]} a4 {[%clk 0:05:11]} 49. cxb4 {[%clk 0:23:15]} a3
{[%clk 0:05:36]} 50. bxa3 {[%clk 0:23:28]} f5 {[%clk 0:05:59]} 51. b5 1-0

[Event "Deutsche Ländermeisterschaft 2021"]
[Site "Neumünster GER"]
[Date "2021.10.06"]
[Round "7"]
[White "Haug, Mara"]
[Black "Müller, Cosima"]
[Result "0-1"]
[Termination "normal"]
[Board "3.8"]
[WhiteElo "1326"]
[BlackElo "1373"]
[WhiteClock "00:10:46"]
[BlackClock "00:48:21"]
[WhiteTeam "Baden"]
[BlackTeam "Sachsen"]
[PlyCount "110"]
[WhiteFideId "16259300"]
[BlackFideId "34601490"]
[EventCountry "GER"]
[EventRounds "7"]
[EventType "team-swiss"]
[EventDate "2021.10.01"]

1. e4 {[%clk 1:30:57]} e6 {[%clk 1:30:54]} 2. d4 {[%clk 1:31:15]} d5 {[%clk
1:31:19]} 3. Nd2 {[%clk 1:31:17]} Nf6 {[%clk 1:31:08]} 4. e5 {[%clk 1:31:38]}
Nfd7 {[%clk 1:31:30]} 5. Bd3 {[%clk 1:31:20]} c5 {[%clk 1:31:37]} 6. c3 {[%clk
1:31:09]} Nc6 {[%clk 1:31:50]} 7. Ndf3 {[%clk 1:31:23]} Qb6 {[%clk 1:31:12]} 8.
Ne2 {[%clk 1:31:08]} cxd4 {[%clk 1:31:20]} 9. cxd4 {[%clk 1:31:21]} Bb4+ {[%clk
1:31:29]} 10. Bd2 {[%clk 1:29:08]} Be7 {[%clk 1:29:21]} 11. Bc3 {[%clk
1:27:19]} O-O {[%clk 1:29:09]} 12. O-O {[%clk 1:26:26]} f6 {[%clk 1:27:03]} 13.
Bc2 {[%clk 1:08:55]} fxe5 {[%clk 1:23:35]} 14. dxe5 Rf7 {[%clk 1:14:16]} 15. a3
{[%clk 1:00:36]} Qc7 {[%clk 1:10:51]} 16. Qd3 {[%clk 0:55:15]} Nf8 {[%clk
1:09:50]} 17. Ng3 {[%clk 0:47:28]} Bd7 {[%clk 1:02:58]} 18. Rfe1 {[%clk
0:44:01]} Rc8 {[%clk 0:50:24]} 19. Rac1 {[%clk 0:40:16]} Qd8 {[%clk 0:48:18]}
20. Ne2 {[%clk 0:27:50]} Bg5 {[%clk 0:45:55]} 21. Nxg5 {[%clk 0:25:35]} Qxg5
{[%clk 0:46:02]} 22. f4 {[%clk 0:22:07]} Qh6 {[%clk 0:43:32]} 23. Bd2 {[%clk
0:19:56]} Qh5 {[%clk 0:40:59]} 24. Ng3 {[%clk 0:18:33]} Qh4 {[%clk 0:39:20]}
25. Qe3 {[%clk 0:14:44]} d4 {[%clk 0:35:01]} 26. Qf2 {[%clk 0:14:23]} Qg4
{[%clk 0:29:53]} 27. Bd1 {[%clk 0:13:48]} Qh4 {[%clk 0:29:51]} 28. Bc2 {[%clk
0:13:34]} Qg4 {[%clk 0:30:08]} 29. Re4 {[%clk 0:12:52]} Qh4 {[%clk 0:28:33]}
30. Ne2 {[%clk 0:10:36]} Qxf2+ {[%clk 0:27:35]} 31. Kxf2 {[%clk 0:11:04]} Ng6
{[%clk 0:27:36]} 32. Kg1 {[%clk 0:10:58]} Nce7 {[%clk 0:25:13]} 33. Rxd4 {[%clk
0:10:12]} Bb5 {[%clk 0:25:03]} 34. Nc3 {[%clk 0:09:32]} a6 {[%clk 0:24:28]} 35.
Bb3 {[%clk 0:08:32]} Nf5 {[%clk 0:22:22]} 36. Rb4 {[%clk 0:05:48]} Re7 {[%clk
0:18:56]} 37. Nxb5 {[%clk 0:05:02]} Rxc1+ {[%clk 0:19:04]} 38. Bxc1 {[%clk
0:05:27]} axb5 {[%clk 0:19:24]} 39. Rxb5 {[%clk 0:04:32]} Nd4 {[%clk 0:19:35]}
40. Rb6 {[%clk 0:04:31]} Ne2+ {[%clk 0:19:51]} 41. Kf2 {[%clk 0:04:33]} Nxc1
{[%clk 0:20:08]} 42. Bxe6+ {[%clk 0:04:39]} Kf8 {[%clk 0:19:58]} 43. Ke3 {[%clk
0:03:10]} Ke8 {[%clk 0:19:12]} 44. Bc4 {[%clk 0:26:30]} Rc7 {[%clk 0:48:02]}
45. Rb4 {[%clk 0:25:41]} Ke7 {[%clk 0:47:56]} 46. g3 {[%clk 0:18:50]} Kd8
{[%clk 0:47:26]} 47. Kd2 {[%clk 0:17:32]} Ne7 {[%clk 0:47:40]} 48. Bb5 {[%clk
0:10:37]} Nd5 {[%clk 0:46:26]} 49. Rd4 {[%clk 0:09:45]} Nb3+ {[%clk 0:46:46]}
50. Kd3 {[%clk 0:09:19]} Nxd4 {[%clk 0:47:10]} 51. Kxd4 {[%clk 0:09:44]} Ne7
{[%clk 0:47:22]} 52. g4 {[%clk 0:09:51]} b6 {[%clk 0:47:35]} 53. f5 {[%clk
0:10:08]} Rc5 {[%clk 0:47:54]} 54. Bc4 {[%clk 0:10:27]} Nc6+ {[%clk 0:48:04]}
55. Kc3 {[%clk 0:10:46]} Nxe5 {[%clk 0:48:21]} 0-1